La mer de Barents : laboratoire d'une nouvelle diplomatie énergétique ? (notice n° 1592410)
[ vue normale ]
| 000 -LEADER | |
|---|---|
| fixed length control field | 01329cam a2200169 4500500 |
| 005 - DATE AND TIME OF LATEST TRANSACTION | |
| control field | 20251228070250.0 |
| 041 ## - LANGUAGE CODE | |
| Language code of text/sound track or separate title | fre |
| 042 ## - AUTHENTICATION CODE | |
| Authentication code | dc |
| 100 10 - MAIN ENTRY--PERSONAL NAME | |
| Personal name | du Castel, Viviane |
| Relator term | author |
| 245 00 - TITLE STATEMENT | |
| Title | La mer de Barents : laboratoire d'une nouvelle diplomatie énergétique ? |
| 260 ## - PUBLICATION, DISTRIBUTION, ETC. | |
| Date of publication, distribution, etc. | 2010.<br/> |
| 500 ## - GENERAL NOTE | |
| General note | 26 |
| 520 ## - SUMMARY, ETC. | |
| Summary, etc. | La mer de Barents s’inscrit actuellement sur la scène internationale comme un véritable laboratoire d’une nouvelle diplomatie, basée sur l’énergie et dont les moteurs sont davantage les entreprises que les États. Dans ce contexte, l’ouverture de nouvelles routes maritimes, à la suite de la fonte des glaces et l’intrusion de nouveaux acteurs ne vont-ils pas modifier l’équilibre géopolitique et géostratégique actuel ? |
| 520 ## - SUMMARY, ETC. | |
| Summary, etc. | The Barents Sea is currently carried on the international scene as a real laboratory for a new diplomacy, based on energy and whose actorsare more businesses than states. In this context, the opening of new shipping routes, as a result of melting ice and the intrusion of new actors will they not change the current geopolitical and geostrategic balance ? |
| 786 0# - DATA SOURCE ENTRY | |
| Note | Sécurité globale | 14 | 4 | 2010-12-01 | p. 81-96 | 1959-6782 |
| 856 41 - ELECTRONIC LOCATION AND ACCESS | |
| Uniform Resource Identifier | <a href="https://shs.cairn.info/revue-securite-globale-2010-4-page-81?lang=fr&redirect-ssocas=7080">https://shs.cairn.info/revue-securite-globale-2010-4-page-81?lang=fr&redirect-ssocas=7080</a> |
Pas d'exemplaire disponible.




Réseaux sociaux